El cómic de la innovación / (Record no. 179216)
[ view plain ]
| 000 -LEADER | |
|---|---|
| campo de control de longitud fija | 00870nam a2200241 4500 |
| 001 - NÚMERO DE CONTROL | |
| campo de control | 179216 |
| 003 - IDENTIFICADOR DE NÚMERO DE CONTROL | |
| campo de control | ES-MaACL |
| 005 - FECHA Y HORA DE LA ÚLTIMA TRANSACCIÓN | |
| campo de control | 20250607063031.0 |
| 008 - DATOS DE LONGITUD FIJA--INFORMACIÓN GENERAL | |
| campo de control de longitud fija | 111007s2010 sp af |||| |dspa d |
| 080 ## - NÚMERO DE LA CLASIFICACIÓN DECIMAL UNIVERSAL | |
| Número de la Clasificación Decimal Universal | 82-91.09 |
| 080 ## - NÚMERO DE LA CLASIFICACIÓN DECIMAL UNIVERSAL | |
| Número de la Clasificación Decimal Universal | 741.5(091) |
| 100 1# - ENTRADA PRINCIPAL--NOMBRE DE PERSONA | |
| Nombre de persona | Gubern, Román, |
| Fechas asociadas al nombre | 1934- |
| 9 (RLIN) | 60377 |
| 245 13 - MENCIÓN DEL TÍTULO | |
| Título | El cómic de la innovación / |
| Mención de responsabilidad, etc. | [textos, Román Gubern y Luis Gasca ; diseño y cómic, Manuel Andreu]. |
| 246 36 - FORMA VARIANTE DEL TITULO | |
| Título propio/Titulo breve | El cómic y la innovación |
| 260 ## - PUBLICACIÓN, DISTRIBUCIÓN, ETC. | |
| Lugar de publicación, distribución, etc. | Donostia-San Sebastián : |
| Nombre del editor, distribuidor, etc. | Ibermática, Departamento de Comunicación, |
| Fecha de publicación, distribución, etc. | [2010] |
| 300 ## - DESCRIPCIÓN FÍSICA | |
| Extensión | [35] p. : |
| Otras características físicas | il. col. y n. ; |
| Dimensiones | 28 x 28 cm. |
| 650 07 - PUNTO DE ACCESO ADICIONAL DE MATERIA--TÉRMINO DE MATERIA | |
| Término de materia o nombre geográfico como elemento de entrada | Cómics- |
| Subdivisión general | Historia y crítica |
| Fuente del encabezamiento o término | |
| 9 (RLIN) | 148172 |
| 700 1# - ENTRADA AGREGADA--NOMBRE PERSONAL | |
| Nombre de persona | Gasca, Luis. |
| 9 (RLIN) | 55835 |
| 700 1# - ENTRADA AGREGADA--NOMBRE PERSONAL | |
| Nombre de persona | Andreu, Manel. |
| 9 (RLIN) | 148171 |
| 852 ## - LOCALIZACIÓN | |
| Ubicación | ES-MaACL |
| Número de control de estantería | A-11608 |
| itemnumber | 186095 |
| Sublocalización o colección | R.146064 |
| Ubicación en estantería | Depósito 1 |
| Signatura antigua | Olim: N-4613 |
| 942 ## - ELEMENTOS DE ENTRADA SECUNDARIOS (KOHA) | |
| Fuente del sistema de clasificación o colocación | Clasificación decimal universal |
| Tipo de ítem Koha | Libro impreso |
| Estatus retirado | Estado de pérdida | Fuente del sistema de clasificación o colocación | Estado de daño | No para préstamo | Biblioteca de origen | Biblioteca actual | Ubicación en estantería | Fecha de adquisición | Fuente de adquisición | Total de préstamos | Signatura topográfica completa | Código de barras | Visto por última vez | Precio de reemplazo | Tipo de ítem Koha |
|---|---|---|---|---|---|---|---|---|---|---|---|---|---|---|---|
| Clasificación decimal universal | Biblioteca del Ateneo de Madrid | Biblioteca del Ateneo de Madrid | Depósito 1 | 07/10/2011 | Donación | A-11608 | 1188264 | 23/02/2023 | 23/02/2023 | Libro impreso |
